<?xml version="1.0" encoding="UTF-8"?>
<record
    xmlns:xsi="http://www.w3.org/2001/XMLSchema-instance"
    xsi:schemaLocation="http://www.loc.gov/MARC21/slim http://www.loc.gov/standards/marcxml/schema/MARC21slim.xsd"
    xmlns="http://www.loc.gov/MARC21/slim">

  <leader>02569    a2200289   4500</leader>
  <controlfield tag="001">47000</controlfield>
  <controlfield tag="005">20260407155739.0</controlfield>
  <controlfield tag="008">260407a1999    arg                 spa d</controlfield>
  <controlfield tag="003">AR-UNSa-BCEJYS</controlfield>
  <datafield tag="040" ind1=" " ind2=" ">
    <subfield code="a">AR-UNSa-BCEJYS</subfield>
    <subfield code="b">spa</subfield>
    <subfield code="c">AR-UNSa-BCEJYS</subfield>
  </datafield>
  <datafield tag="080" ind1=" " ind2=" ">
    <subfield code="a">339.9</subfield>
    <subfield code="x">Econom&#xED;a internacional en general. Relaciones econ&#xF3;micas internacionales. Econom&#xED;a mundial </subfield>
  </datafield>
  <datafield tag="245" ind1="1" ind2="0">
    <subfield code="a">Econom&#xED;a internacional</subfield>
    <subfield code="p">teor&#xED;a y pol&#xED;tica</subfield>
  </datafield>
  <datafield tag="020" ind1=" " ind2=" ">
    <subfield code="a">84-481-2481-2</subfield>
  </datafield>
  <datafield tag="250" ind1=" " ind2=" ">
    <subfield code="a">4a. ed.</subfield>
  </datafield>
  <datafield tag="264" ind1=" " ind2="1">
    <subfield code="a">Madrid :</subfield>
    <subfield code="b">McGraw-Hill</subfield>
    <subfield code="c">1999</subfield>
  </datafield>
  <datafield tag="300" ind1=" " ind2=" ">
    <subfield code="a">xxiv, 629 p.</subfield>
    <subfield code="c">20 cm.</subfield>
  </datafield>
  <datafield tag="505" ind1=" " ind2=" ">
    <subfield code="a">1. Introducci&#xF3;n  - - Parte I : TEOR&#xCD;A DEL COMERCIO INTERNACIONAL : 2. Productividad del trabajo y ventajas comparativa : el modelo ricardiano - 3. Factores espec&#xED;ficos y distribuci&#xF3;n de la renta - 4. Dotaci&#xF3;n de recursos y comercio : el modelo heckscher-ohlin - 5. El modelo est&#xE1;ndar de comercio - 6. Econom&#xED;as de escala, competencia imperfecta internacional - 7. Los movimientos internacionales de factores  - - Parte II : POL&#xCD;TICA COMERCIAL INTERNACIONAL :8. Los instrumentos de la pol&#xED;tica comercial - 9. La econom&#xED;a pol&#xED;tica de la pol&#xED;tica comercial - 10. La pol&#xED;tica comercial en los pa&#xED;ses en v&#xED;as de desarrollo - 11. Pol&#xED;ticas comerciales estrat&#xE9;gicas en los pa&#xED;ses avanzados  -- Parte III : TIPOS DE CAMBIOS Y MACROECONOM&#xCD;A DE UNA ECONOM&#xCD;A ABIERTA : 12. La contabilidad nacional y la balanza de pagos - 13. Los tipos de cambio y el mercado de divisas : un enfoque de activos - 14. El dinero, los tipos de inter&#xE9;s y los tipos de cambios - 15. El nivel de precio y el tipo de cambio a largo plazo - 16. El producto nacional y el tipo de cambio a corto plazo - 17. Los tipos de cambio fijos y la intervenci&#xF3;n en los mercados de divisas  - - Parte IV : LA POL&#xCD;TICA MACROECON&#xD3;MICA INTERNACIONAL : 18. El sistema monetario internacional, 1870-1973 - 19. La pol&#xED;tica macroecon&#xF3;mica y la coordinaci&#xF3;n con tipos de cambios flotantes - 20. &#xC1;reas monetarias &#xF3;ptimas y la experiencia europea - 21. El mercado global de capitales : funcionamiento y problemas - 22. Los pa&#xED;ses en v&#xED;a de desarrollo : deuda, estabilizaci&#xF3;n y reforma - 23. Problemas econ&#xF3;micos internacionales de los antiguos pa&#xED;ses comunistas.    </subfield>
  </datafield>
  <datafield tag="041" ind1=" " ind2=" ">
    <subfield code="a">spa</subfield>
  </datafield>
  <datafield tag="942" ind1=" " ind2=" ">
    <subfield code="c">BK</subfield>
  </datafield>
  <datafield tag="590" ind1=" " ind2=" ">
    <subfield code="a">niveau_biblio:m niveau_hierar:0</subfield>
  </datafield>
  <datafield tag="100" ind1="1" ind2=" ">
    <subfield code="a">Tugores Ques, Juan</subfield>
  </datafield>
  <datafield tag="700" ind1="1" ind2=" ">
    <subfield code="a">Obstfeld, Maurice</subfield>
  </datafield>
  <datafield tag="700" ind1="1" ind2=" ">
    <subfield code="a">Krugman, Paul R.</subfield>
  </datafield>
  <datafield tag="700" ind1="1" ind2=" ">
    <subfield code="a">Llad&#xF3;s, Josep</subfield>
  </datafield>
  <datafield tag="700" ind1="1" ind2=" ">
    <subfield code="a">Paluzie, Elisenda</subfield>
  </datafield>
  <datafield tag="856" ind1="4" ind2="1">
    <subfield code="u">https://www.biblioeco.unsa.edu.ar/pmb/images/libros/L127364.jpg</subfield>
    <subfield code="y">Imagen de portada</subfield>
    <subfield code="q">image/jpeg</subfield>
  </datafield>
  <datafield tag="999" ind1=" " ind2=" ">
    <subfield code="c">4265</subfield>
    <subfield code="d">4265</subfield>
  </datafield>
  <datafield tag="952" ind1=" " ind2=" ">
    <subfield code="0">0</subfield>
    <subfield code="1">0</subfield>
    <subfield code="4">0</subfield>
    <subfield code="7">0</subfield>
    <subfield code="a">BCEJYS</subfield>
    <subfield code="b">BCEJYS</subfield>
    <subfield code="c">16</subfield>
    <subfield code="d">2026-04-07</subfield>
    <subfield code="l">0</subfield>
    <subfield code="o">339.9 K94 4ed.</subfield>
    <subfield code="p">L127364</subfield>
    <subfield code="r">2026-04-07 15:57:39</subfield>
    <subfield code="w">2026-04-07</subfield>
    <subfield code="y">L</subfield>
  </datafield>
</record>
